Il seme del diavolo /

Uloženo v:
Podrobná bibliografie
Hlavní autor: Cori, Max
Médium: Kniha
Jazyk:angličtina
Vydáno: Roma Cassia [1985]
Edice:I Libri di Gay Italia 4
Tagy: Přidat tag
Žádné tagy, Buďte první, kdo vytvoří štítek k tomuto záznamu!

MARC

LEADER 00000nam a2200000 4500
001 CDOM0000000271
003 mi
005 20250826155600.0
008 250820b |||||||| |||| 00| 0 eng d
040 |c mi 
100 |a Cori, Max 
245 1 |a Il seme del diavolo /  |c Max Cori 
260 |a Roma  |b Cassia  |c [1985] 
300 |a 112 p.  |c ill  |c 17 cm 
490 |a I Libri di Gay Italia  |v 4 
500 |a Segue: Pedro : racconto breve 
942 |2 ddc  |c BK 
952 |0 0  |1 0  |2 ddc  |4 0  |6 B_LNR02CORMASEM11  |7 0  |9 4612  |a MI  |b MI  |d 2005-04-30  |i 196  |l 0  |o B-LNR02-CORMA-SEM11  |p CDOM196  |r 2025-07-04 21:34:00  |w 2025-07-04  |x DONO  |y BK 
999 |c 3603  |d 3603